Pozitivní stránky squattingu : bakalářská práce / Veronika Mazínová ; vedoucí práce Jan Dočkal ; oponent práce Radomír Kuchař
Bakalářská práce Pozitivní stránky squattingu poodhaluje, o co squatteři usilují a jaká je jejich ideologie. Jejím hlavním cílem je představit pozitivní stránky squattingu. V první části práce uvádí teoretické vymezení pojmu squatting pomocí různých společenských věd. Dále pojednává o motivaci, která vede jedince ke squattingu a jeho hlavních myšlenkách. Dívá se také do historie a poukazuje na momenty v dějinách, které vývoj squattingu ovlivnily. Na závěr práce pojednává o současném squattingu a popisuje dva soudobé squaty. Popis je ilustrativně doplněn rozhovory s obyvateli těchto squatu. Powered by TCPDF (www.tcpdf.org) Plný text abstraktu naleznete v Repozitáři závěrečných prací UK
Dissertation "Positive Sides of Squatting" reveals ideology of squatters and what they pursue. Main objective of this dissertation is to demonstrate positive sides of squatting. Theoretical definition of the term "squatting" is analyzed in the first part of the study using different social sciencies. Furthemore, the study considers one's motivation and thoughts, which lead to squatting. Also, history of squatting along with the main events that have influenced squatting are discussed. Finally, this dissertation focuses on current squatting issues and provides deep insight into two existing squats by interviewing the residents. Powered by TCPDF (www.tcpdf.org) Full text of the abstract is available in the Thesis Repository of CU
Record details
- Physical Description: 76 stran : přílohy ; 30 cm
Content descriptions
| General Note: | Datum obhajoby: 08-09-2016 |
| Dissertation Note: | Bakalářská práce (Bc.)--Univerzita Karlova. Evangelická teologická fakulta, 2016 |
| Study Program Information Note: | Pastorační a sociální práce Sociální práce |
| Awards Note: | Výsledné hodnocení: Dobře |
Available copies
- 1 of 1 copy available at Common Catalog SPOK.
Holds
- 0 current holds with 1 total copy.
Show Only Available Copies
| Location | Call Number / Copy Notes | Barcode | Shelving Location | Status | Due Date |
|---|---|---|---|---|---|
| Jabok Library | ABP-2188 | 424480038979 | Absolventské práce | Reference | - |
Electronic resources
Version of Resource: Zobrazení plného textu (Repozitář závěrečných prací UK)
| LDR | 02687ntm a2200349 i 4500 | ||
|---|---|---|---|
| 001 | 24483 | ||
| 003 | CZ-PrJAB | ||
| 005 | 20170114090837.0 | ||
| 008 | 160930s2016 xr |||||r|||||||||||cze|d | ||
| 035 | . | ‡a(CZ PrCU)002102885 | |
| 040 | . | ‡aABD162 ‡bcze ‡erda | |
| 072 | 7. | ‡a316.4 ‡xSociální procesy ‡2Konspekt ‡918 | |
| 100 | 1 | . | ‡aMazínová, Veronika ‡4dis |
| 245 | 1 | 0. | ‡aPozitivní stránky squattingu : ‡bbakalářská práce / ‡cVeronika Mazínová ; vedoucí práce Jan Dočkal ; oponent práce Radomír Kuchař |
| 246 | 3 | 3. | ‡aPositive Sides of Squatting |
| 264 | 0. | ‡c2016 | |
| 300 | . | ‡a76 stran : ‡bpřílohy ; ‡c30 cm | |
| 336 | . | ‡atext ‡btxt ‡2rdacontent | |
| 337 | . | ‡abez média ‡bn ‡2rdamedia | |
| 338 | . | ‡asvazek ‡bnc ‡2rdacarrier | |
| 500 | . | ‡aDatum obhajoby: 08-09-2016 | |
| 502 | . | ‡aBakalářská práce (Bc.)--Univerzita Karlova. Evangelická teologická fakulta, 2016 | |
| 520 | . | ‡aBakalářská práce Pozitivní stránky squattingu poodhaluje, o co squatteři usilují a jaká je jejich ideologie. Jejím hlavním cílem je představit pozitivní stránky squattingu. V první části práce uvádí teoretické vymezení pojmu squatting pomocí různých společenských věd. Dále pojednává o motivaci, která vede jedince ke squattingu a jeho hlavních myšlenkách. Dívá se také do historie a poukazuje na momenty v dějinách, které vývoj squattingu ovlivnily. Na závěr práce pojednává o současném squattingu a popisuje dva soudobé squaty. Popis je ilustrativně doplněn rozhovory s obyvateli těchto squatu. Powered by TCPDF (www.tcpdf.org) ‡bPlný text abstraktu naleznete v Repozitáři závěrečných prací UK ‡8cze | |
| 520 | . | ‡aDissertation "Positive Sides of Squatting" reveals ideology of squatters and what they pursue. Main objective of this dissertation is to demonstrate positive sides of squatting. Theoretical definition of the term "squatting" is analyzed in the first part of the study using different social sciencies. Furthemore, the study considers one's motivation and thoughts, which lead to squatting. Also, history of squatting along with the main events that have influenced squatting are discussed. Finally, this dissertation focuses on current squatting issues and provides deep insight into two existing squats by interviewing the residents. Powered by TCPDF (www.tcpdf.org) ‡bFull text of the abstract is available in the Thesis Repository of CU ‡8eng | |
| 526 | 8 | . | ‡aPastorační a sociální práce |
| 526 | 8 | 1. | ‡aSociální práce |
| 586 | . | ‡aVýsledné hodnocení: Dobře | |
| 653 | 0 | . | ‡asquatteři ‡amotivace ‡aideologie ‡asociální procesy |
| 700 | 1 | . | ‡aDočkal, Jan ‡4ths |
| 700 | 1 | . | ‡aKuchař, Radomír ‡4opn |
| 710 | 2 | . | ‡aUniverzita Karlova. ‡bJabok |
| 850 | . | ‡aETF | |
| 856 | 4 | 1. | ‡uhttps://is.cuni.cz/webapps/zzp/detail/178302 ‡yZobrazení plného textu (Repozitář závěrečných prací UK) |
| 910 | . | ‡aABG312 | |
| 901 | . | ‡a24483 ‡b ‡c24483 ‡tbiblio | |